Pensiones no contribustivas y asistenciales (Registro nro. 4044)
[ vista simple ]
| 000 -LEADER | |
|---|---|
| fixed length control field | 01509 a2200241 4500 |
| 001 - CONTROL NUMBER | |
| control field | 45876 |
| 005 - DATE AND TIME OF LATEST TRANSACTION | |
| control field | 20260407155731.0 |
| 008 - FIXED-LENGTH DATA ELEMENTS--GENERAL INFORMATION | |
| fixed length control field | 260407a2002 arg spa d |
| 003 - CONTROL NUMBER IDENTIFIER | |
| control field | AR-UNSa-BCEJYS |
| 040 ## - CATALOGING SOURCE | |
| Original cataloging agency | AR-UNSa-BCEJYS |
| Language of cataloging | spa |
| Transcribing agency | AR-UNSa-BCEJYS |
| 080 ## - UNIVERSAL DECIMAL CLASSIFICATION NUMBER | |
| Universal Decimal Classification number | 369.5 |
| Common auxiliary subdivision | Seguro de vejez (de jubilación) |
| 020 ## - INTERNATIONAL STANDARD BOOK NUMBER | |
| International Standard Book Number | 92-2-313259-2 |
| 041 ## - LANGUAGE CODE | |
| Language code of text/sound track or separate title | spa |
| 100 1# - MAIN ENTRY--PERSONAL NAME | |
| Personal name | Solorio, Carmen |
| 245 10 - TITLE STATEMENT | |
| Title | Pensiones no contribustivas y asistenciales |
| Name of part/section of a work | Argentina, Brasil, Chile, Costa Rica y Uruguay |
| 264 #1 - PRODUCTION, PUBLICATION, DISTRIBUTION, MANUFACTURE, AND COPYRIGHT NOTICE | |
| Place of production, publication, distribution, manufacture | Santiago : |
| Name of producer, publisher, distributor, manufacturer | Oficina Internacional del Trabajo |
| Date of production, publication, distribution, manufacture, or copyright notice | 2002 |
| 300 ## - PHYSICAL DESCRIPTION | |
| Extent | 264 p. |
| Dimensions | 23 cm. |
| 505 ## - FORMATTED CONTENTS NOTE | |
| Formatted contents note | 1. La protección social a través de las pensiones no contributivas y asistenciales en América Latina / Fabio M. Bertranou, Carmen Solorio y Wouter van Ginneken – 2. Beneficios sociales y pobreza en la Argentina: estudio del programa de pensiones no contributivas / Fabio M. Bertranou y Carlos O. Grushka – 3. Beneficios sociales y los pobres en Brasil: programas de pensiones no convencionales / Helmut Schwarzer y Ana Carolina Querino – 4. Las pensiones no contributivas en Chile: Pensiones asistenciales (PASIS) / Pamela A. Gana Cornejo – 5. Los programas de asistencia social en Costa Rica: El régimen no contributivo de pensiones / Fabio Durán Valverde – 6. Estudio de programa de pensiones no contributivas en Uruguay / Rodolfo Saldain y Marcos Lorenzelli - |
| 590 ## - LOCAL NOTE (RLIN) | |
| Local note | niveau_biblio:m niveau_hierar:0 |
| 700 1# - ADDED ENTRY--PERSONAL NAME | |
| Personal name | Bertranou, Fabio M. |
| 700 1# - ADDED ENTRY--PERSONAL NAME | |
| Personal name | Ginneken, Wouter |
| 942 ## - ADDED ENTRY ELEMENTS (KOHA) | |
| Koha item type | |
| Withdrawn status | Lost status | Damaged status | Not for loan | Home library | Current library | Shelving location | Date acquired | Total checkouts | Full call number | Barcode | Date last seen | Price effective from | Koha item type |
|---|---|---|---|---|---|---|---|---|---|---|---|---|---|
| Biblioteca Prof. Eusebio Cleto del Rey | Biblioteca Prof. Eusebio Cleto del Rey | 07/04/2026 | 369.5 B548 | L127218 | 07/04/2026 | 07/04/2026 | Libro |